000 00332nam a2200145Ia 4500
008 150201s2010 xx 000 0 und d
082 _a616.01
_bM10A
100 _aARORA, D.R.
245 _aMEDICAL PARASITOLOGY
250 _a3RD
260 _bCBS
_aDELHI
_c2010
300 _a1-271
650 _aMICROBIOLOGY
942 _2ddc
_cBK
_080
999 _c1314
_d1314